000 00404nam a22001457a 4500
008 160301b xxu||||| |||| 00| 0 eng d
080 _a657
100 _aPereira, J. M. Estevens
245 _aNocoes elementares de contabilidade
_cJ. M. Esteves Pereira
250 _aS. ed.
260 _aLisboa
_bPlantano editora
_c1982
300 _a250p.
_b
_c
_e
_f
_g
650 _aContabilidade
942 _2udc
_cBK
999 _c35496
_d35496